| 000 | 01785nam a2200397 i 4500 | ||
|---|---|---|---|
| 001 | 41504 | ||
| 003 | Mx-PuUPA | ||
| 005 | 20260218152602.0 | ||
| 008 | 140415s2021 sp a gr 001 0 spa d | ||
| 017 | _aCO 971-2021 | ||
| 020 | _a9788412323146 | ||
| 040 |
_aMx-PuUPA _bspa _cMx-PuUPA _dMx-PuUPA _erda |
||
| 041 | 1 |
_aspa _heng |
|
| 100 | 1 |
_aLinehan, Marsha, _eautor _917135 |
|
| 240 | 1 | 1 |
_a[DBT Skills Training Manual]. _lEspañol |
| 245 | 1 | 0 |
_aManual de entrenamiento en habilidades DBT : _bpara el terapeuta / _cMarsha M. Linehan ; revisión y traducción a cargo de Pablo Gagliesi ; prólogo de la edición para España de la Dra. María Vicenta Navarro |
| 246 | 1 | 4 |
_aManual de entrenamiento de habilidades DBT : _bpara el/la terapeuta |
| 250 |
_aPrimera edición / _ben castellano |
||
| 264 | 1 |
_aEspaña : _bPsara Ediciones, _c2021 |
|
| 300 |
_a627 páginas : _bilustraciones, tablas ; _c29 cm |
||
| 336 |
_2rdacontent _atexto _btxt |
||
| 337 |
_2rdamedia _asin medio _bn |
||
| 338 |
_2rdacarrier _avolumen _bnc |
||
| 650 | 7 |
_2armarc _aTerapia conductual dialéctica |
|
| 650 | 7 |
_2armarc _aTerapia de la conducta |
|
| 650 | 7 |
_2armarc _aPsicoterapia _xMétodos |
|
| 650 | 7 |
_2armarc _aSuicidio _xPrevención |
|
| 700 | 1 |
_aGagliesi, Pablo, _etraductor |
|
| 700 | 1 |
_aNavarro, María Vicenta, _eprologuista |
|
| 765 | 0 |
_aLinehan, Marsha M. _t[DBT Skills Training Manual] |
|
| 942 |
_2ddc _cLI _h616.89142 _iL7318 |
||
| 999 |
_c41504 _d41504 |
||